000 00346nam a2200157Ia 4500
003 OSt
005 20240329105728.0
008 170524s9999 xx 000 0 und d
020 _a978-0071254274
040 _ciimtu meerut
100 _aLEWICKI- RJ
100 _c2006
245 0 _aNEGOTIATION
260 _aTATA MC GRAW HILL
942 _2ddc
_c02
999 _c2210
_d2210